| 000 | 00711nam a22002297a 4500 | ||
|---|---|---|---|
| 005 | 20170124110238.0 | ||
| 010 | _aB-127052 | ||
| 020 |
_c495.00 _a8120326342 |
||
| 035 | _aB-127052 | ||
| 037 | _bCen Lib/Ret | ||
| 040 |
_aDPL _bEN |
||
| 082 |
_a005.3 _bWIN |
||
| 100 |
_aWinston, Wayne L. _993150 |
||
| 245 |
_aMicrosoft excel data analysisand business modeling / _cby Wayne L. Winston |
||
| 260 |
_aNew Delhi _bPrentice Hall of India _c2004 |
||
| 270 |
_aM-97, Connaught circus _bNew Delhi _e110001 |
||
| 300 |
_axi, 602p. _c23cm(Hb) |
||
| 500 | _aIncludes index | ||
| 650 |
_aComputer science _993151 |
||
| 650 |
_aExcel data analysis _993152 |
||
| 942 |
_2ddc _cEN _h005.3 _mWIN |
||
| 999 |
_c135024 _d135024 |
||